| 000 | 08748nam a22006737a 4500 | ||
|---|---|---|---|
| 005 | 20101206113148.0 | ||
| 008 | 120329t xxu||||| |||| 00| 0 hind | ||
| 010 | _aB-455822 | ||
| 020 |
_c170.00 _a9788126318575 |
||
| 035 | _aB-455822 | ||
| 037 | _bब्लूबेरी बुक्स | ||
| 040 |
_aDPL _bHN |
||
| 082 | _a821 | ||
| 100 |
_924598 _aवाजपेयी, कैलाश |
||
| 245 |
_aडूबा-सा अनडूबा तारा / _cकैलाश वाजपेयी |
||
| 246 |
_aDooba sa andooba tara _bby Kaliash Vajpeyi |
||
| 260 |
_aनई दिल्ली _bभारतीय ज्ञानपीठ _c2011 |
||
| 270 |
_a18, इंडस्ट्रीयल एरिया, लोदी रोड _bनई दिल्ली _e110032 |
||
| 300 |
_a164पृ _c22सेमी (अजिल्द) |
||
| 490 |
_aलोकोदय ग्रन्थमालाःग्रन्थांक 1012 _944549 |
||
| 490 |
_aरवीन्द्र कालियाःग्रन्थमाला संपादक _944550 |
||
| 650 |
_91169 _aहिन्दी कविता |
||
| 700 | _924599 | ||
| 942 |
_2ddc _cHN _mवाजपे _h821 |
||
| 999 |
_c64530 _d64530 |
||